000 00462nam a2200169 4500
999 _c6881
_d6881
008 020605s enk engYA
100 1 _aVeloro, A. T.
245 1 0 _aEnglish common errors corrected /
_cA.T. Veloro
260 _a[s.l.] :
_bPhilippine Book Co.,
_cn.d.
300 _a250 p. :
_bill. ;
_c13 cm.
336 _atext
337 _aunmediated
338 _avolume
650 4 _aEnglisg language
_xGrammar.
700 1 _aEnriquez, M.J.
942 _2lcc
_cBK